00330nam a2200133Ia 4500008004100000020001300041041001200054082001600066100001500082245003300097260004000130300000800170650001800178221030s9999 xx 000 0 und d a09073772 aEnglish a105.23baga aM. Agarwal 0aFinance Indiacby M. Agarwal bIndian Inst. of FinaceaIndiac1999 a763 aBE Management